00391nam a2200157 a 450000100060000000300090000600800410001502000150005604000280007108200180009910000370011724500190015426000420017330000080021565000100022313900CO-ViMGA141112s2004 ck r 000 u spa d a8425507979 aCO-ViMGAbspacCO-ViMGA04a796.342 A665t1 aApplewhaite, Charles; Moss, Bill10aTenis completo aBarcelona : bHispano Europea, c1992 a18714aTENIS